| Tag |
First Indicator |
Second Indicator |
Subfields |
| LEADER |
00000cam a2200000 4500 |
| 001 |
in00000367166 |
| 005 |
20151011074712.0 |
| 008 |
751016s1931 ilua 00110 eng |
| 010 |
|
|
|a 31006366
|
| 035 |
|
|
|a (OCoLC)01709910
|
| 035 |
|
|
|9 ABP5384AM
|
| 040 |
|
|
|a DLC
|c JPL
|d TXA
|d UtOrBLW
|
| 049 |
|
|
|a TXAM
|c [146858]
|
| 050 |
0 |
0 |
|a TG147
|b .D8
|
| 082 |
0 |
|
|a 624
|
| 100 |
1 |
|
|a Dufour, Frank O.
|q (Frank Oliver),
|d 1873-
|
| 245 |
1 |
0 |
|a Bridge engineering ;
|b a manual of practical instruction in the analysis, calculation, and design of steel truss and girder bridges for railroads and highways /
|c by Frank O. Dufour and C. Paul Schantz.
|
| 264 |
|
1 |
|a Chicago :
|b American Technical Society,
|c [1931]
|
| 264 |
|
4 |
|c [©1931]
|
| 300 |
|
|
|a 374, 5 pages :
|b illustrations ;
|c 22 cm.
|
| 336 |
|
|
|a text
|b txt
|2 rdacontent
|
| 337 |
|
|
|a unmediated
|b n
|2 rdamedia
|
| 338 |
|
|
|a volume
|b nc
|2 rdacarrier
|
| 500 |
|
|
|a "The preparation of this volume embodies almost the entire re-writing of a former treatise by Frank O. Dufour, C. E., dealing with bridge analysis and bridge design."--introduction.
|
| 650 |
|
0 |
|a Bridges.
|
| 700 |
1 |
|
|a Schantz, Clarence Paul.
|
| 710 |
2 |
|
|a American Technical Society.
|
| 999 |
|
|
|a MARS
|
| 999 |
f |
f |
|s 3a5ae946-c0e1-31fb-91af-86d7049cb757
|i b4381b89-2061-358f-a48e-640580a4f3d5
|t 0
|
| 952 |
f |
f |
|p ric
|a Texas A&M University
|b Rellis Campus
|c Joint Library Facility
|d Remote Storage
|t 0
|e TG147 .D8
|h Library of Congress classification
|i unmediated -- volume
|m A14805394948
|
| 998 |
f |
f |
|a TG147 .D8
|t 0
|l Remote Storage
|